LEADER 00747nas a2200217 i 4500 001 000000173584 003 CaOOAMICUS 005 20140711000000.0 008 080722b2006 hu uu u0 0mul r 013 $a151037 040 $aSeMil$bita 245 10$a2006. 260 $aBudapest :$bÚj Ember-Márton Áron,$c2006. 300 $a311 p. ;$c23 cm. 500 $aContiene : Eastern Canon Law Bibliography, [parte] 9. 774 0 $t[vedi periodico].$w()269365 850 $aSeMil 852 $aSeMil$W1$xVenegono$y1$m200 2 59$j124429$B124429$CSeMilBibl$Z2$F192312 $85 961 $aCambio: Scuola Cattolica 996 $6245$a2006$9(OLS)http://semarc/title/140579 996 $6260$aBudapest :$bÚj Ember-Márton Áron$9(OLS)http://semarc/publisher/46928 LEADER 01624nam a2200253 i 4500 001 000000058179 003 CaOOAMICUS 005 20060710000000.0 008 060710s1932 xx u000 u lat u 013 $a29351 040 $aSeMil$bita 240 10$aInformatio super dubio ; Summarium super dubio ; Animadversiones ; Responsio ad animadversiones.$0(OLS)http://semarc/title/90411 245 10$aTaurinen. Canonizationis b. Josephi Benedicti Cottolengo Fundatoris parvae domus Divinae Providentiae et Canonici conlegiate Ecclesiae Corporis Domini Taurini :$bpositio super validitate processus /$cSacra Rituum Congregatione ; E.mo ac Rev.mo Domino Alessandro Verde relatore. 260 $aRomae :$bTypis Guerra et Mirri,$c1932. 300 $a1 v. (varie sequenze) ;$c31 cm. 600 04$aCottolengo, Giuseppe Benedetto .$0(OLS)http://semarc/subject/5579 650 4$aSanti - Canonizzazione.$0(OLS)http://semarc/subject/1571 700 1 $aVerde, Alessandro.$0(OLS)http://semarc/name/7418 710 2 $aSanta Sede : Congregazione delle Cause dei Santi.$0(OLS)http://semarc/name/399 710 2 $aChiesa Cattolica : Congregazione dei riti.$0(OLS)http://semarc/name/552 850 $aSeMil 852 $aSeMil$W1$xVenegono$y1$m6W II 13$j24332$B24332$CSeMilBibl$Z2$F24335 $8I 996 $6245$aTaurinen. Canonizationis b. Josephi Benedicti Cottolengo Fundatoris parvae domus Divinae Providentiae et Canonici conlegiate Ecclesiae Corporis Domini Taurini :$bpositio super validitate processus$9(OLS)http://semarc/title/90644 996 $6260$aRomae :$bTypis Guerra et Mirri$9(OLS)http://semarc/publisher/34284